An easy introduction to spanish conversation (Record no. 167134)

MARC details
000 -LEADER
campo de control de longitud fija 00624nam a2200157 i 4500
001 - NÚMERO DE CONTROL
campo de control 167134
003 - IDENTIFICADOR DE NÚMERO DE CONTROL
campo de control ES-MaACL
005 - FECHA Y HORA DE LA ÚLTIMA TRANSACCIÓN
campo de control 20230906213451.0
008 - DATOS DE LONGITUD FIJA--INFORMACIÓN GENERAL
campo de control de longitud fija 050928s1852 xxu |||| | eng d
100 1# - ENTRADA PRINCIPAL--NOMBRE DE PERSONA
Nombre de persona Velázquez de la Cadena, Mariano.
9 (RLIN) 133610
245 13 - MENCIÓN DEL TÍTULO
Título An easy introduction to spanish conversation
Resto del título : containing all that is necessary to make a rapid progress in it ... /
Mención de responsabilidad, etc. by M. Velazquez de la Cadena.
260 ## - PUBLICACIÓN, DISTRIBUCIÓN, ETC.
Lugar de publicación, distribución, etc. New-York :
Nombre del editor, distribuidor, etc. D. Appleton & company,
Fecha de publicación, distribución, etc. 1852.
300 ## - DESCRIPCIÓN FÍSICA
Extensión 101 p. ;
Dimensiones 15 cm.
650 #4 - PUNTO DE ACCESO ADICIONAL DE MATERIA--TÉRMINO DE MATERIA
Término de materia o nombre geográfico como elemento de entrada Lengua española-
Subdivisión de forma Métodos.
9 (RLIN) 142902
852 ## - LOCALIZACIÓN
Ubicación ES-MaACL
Número de control de estantería Z-239
Encuadernación Olim: G-2953
Signatura antigua
Nota libre - Enc. hol.
Holdings
Estatus retirado Estado de pérdida Estado de daño No para préstamo Colección Biblioteca de origen Biblioteca actual Ubicación en estantería Fecha de adquisición Total de préstamos Signatura topográfica completa Código de barras Visto por última vez Precio de reemplazo Tipo de ítem Koha
        Libros del s. XIX Biblioteca del Ateneo de Madrid Biblioteca del Ateneo de Madrid Depósito Z 17/01/2008   Z-239 1175322 23/02/2023 23/02/2023 Libro impreso antiguo